000 00296nam a22001337a 4500
008 180116b xxu||||| |||| 00| 0 eng d
020 _a0123412501
041 _aeng
080 _a910
100 _a42
101 _aGJEO
245 _aPopulation Analysis and Models
_cHenry, L
942 _2udc
_cBK
999 _c40363
_d40363